000
00514nam a2200145Ia 4500
008
151213s9999 xx 000 0 und d
100
_a
‘১ম খন্ড।
245
_a
দিলওয়ারের রচনা সমগ্র।
_c
‘১ম খন্ড।
260
_a
সিলেট।
_b
সেীরব ডিজাইন্ পিন্টিং।
_c
1998
300
_a
8789 p.
650
_a
Bangla
650
_a
রচনা সমগ্র
700
_a
‘১ম খন্ড।
999
_c
4574
_d
4574